[Event "Titled Tuesday intern op 09th Jan Early"]
[Site "Chess.com INT"]
[Date "2024.01.09"]
[Round "5"]
[White "Arun, Siddharth"]
[Black "Kuhn, Clement"]
[Result "0-1"]
[WhiteElo "2007"]
[BlackElo "2338"]
[PlyCount "94"]
[EventDate "2024.01.09"]
[EventType "swiss (blitz)"]
[EventRounds "11"]
[EventCountry "USA"]
[SourceTitle "CB03_2024"]
[SourceDate "2024.01.17"]
[SourceVersion "1"]
[SourceVersionDate "2024.01.17"]
[SourceQuality "1"]

1. d4 Nf6 2. Nc3 d5 3. Bf4 g6 4. e3 Bg7 5. Nb5 Na6 6. h3 0-0 7. Be2 c6 8. Nc3 Nc7 9. Nf3 Ne6 10. Be5 Nd7 11. Bxg7 Kxg7 12. 0-0 f5 13. b4 Qc7 14. Qd3 h6 15. a4 Ng5 16. Nxg5 hxg5 17. f4 gxf4 18. Rxf4 e5 19. dxe5 Qxe5 20. Raf1 Nf6 21. Qd4 Qxd4 22. exd4 Bd7 23. g4 g5 24. R4f2 fxg4 25. hxg4 Nxg4 26. Bxg4 Bxg4 27. b5 Rxf2 28. Rxf2 Kg6 29. a5 Rc8 30. b6 axb6 31. axb6 Ra8 32. Rg2 Bf5 33. Re2 Ra6 34. Re7 Rxb6 35. Na4 Rb1+ 36. Kf2 Bxc2 37. Nc5 b6 38. Nd7 b5 39. Re6+ Kf7 40. Rxc6 Be4 41. Ne5+ Kg7 42. Kg3 b4 43. Kg4 b3 44. Kxg5 Rg1+ 45. Kf4 b2 46. Rc7+ Kf6 47. Rf7+ Ke6 0-1

[Event "World op 51st"]
[Site "Philadelphia"]
[Date "2023.06.30"]
[Round "1"]
[White "Arun, Siddharth"]
[Black "Niemann, Hans Moke"]
[Result "0-1"]
[WhiteElo "2055"]
[BlackElo "2695"]
[PlyCount "60"]
[EventDate "2023.06.30"]
[EventType "swiss"]
[EventRounds "9"]
[EventCountry "USA"]
[SourceTitle "CBM 215 Extra"]
[Source "ChessBase"]
[SourceDate "2023.09.30"]
[SourceVersion "1"]
[SourceVersionDate "2023.09.30"]
[SourceQuality "1"]

1. d4 Nf6 2. Nc3 d5 3. Bf4 e6 4. Nb5 Na6 5. e3 Be7 6. Nf3 0-0 7. Be2 Nh5 8. Bg3 c6 9. Nc3 Nb8 10. Ne5 Nf6 11. 0-0 b5 12. Bh4 Bb7 13. Nd3 a5 14. a4 b4 15. Nb1 Nbd7 16. Nd2 c5 17. Nxc5 Nxc5 18. dxc5 Bxc5 19. Bf3 Be7 20. Re1 Rc8 21. Rc1 Bc6 22. b3 Qb6 23. e4 Nxe4 24. Bxe4 Bxh4 25. Bxh7+ Kh8 26. g3 Kxh7 27. Qh5+ Kg8 28. Qxh4 Qd8 29. Qd4 Qf6 30. Nf3 Qxf3 0-1

[Event "Titled Tuesday intern op 06th Jun Late"]
[Site "Chess.com INT"]
[Date "2023.06.06"]
[Round "4"]
[White "Arun, Siddharth"]
[Black "Ladan, Nicholas John"]
[Result "0-1"]
[WhiteElo "2055"]
[BlackElo "2200"]
[PlyCount "60"]
[EventDate "2023.06.06"]
[EventType "swiss (blitz)"]
[EventRounds "11"]
[EventCountry "USA"]
[SourceTitle "EXT 2024"]
[Source "ChessBase"]
[SourceDate "2023.10.10"]
[SourceVersion "1"]
[SourceVersionDate "2023.10.10"]
[SourceQuality "1"]

1. d4 d5 2. Nc3 Nf6 3. Bf4 e6 4. Nb5 Na6 5. e3 Bb4+ 6. c3 Be7 7. a4 0-0 8. Bd3 c6 9. Na3 Bd6 10. Ne2 Re8 11. Bxd6 Qxd6 12. f4 c5 13. Bxa6 bxa6 14. 0-0 Bd7 15. Nc2 Rab8 16. Ra2 Rb7 17. h3 Reb8 18. b4 cxd4 19. cxd4 a5 20. b5 a6 21. Qd2 axb5 22. axb5 Rxb5 23. Rxa5 Ne4 24. Qe1 Rb2 25. Qc1 Qc7 26. Ra8 Rxa8 27. Qxb2 Rb8 28. Qa2 Bb5 29. Re1 Bxe2 30. Rxe2 Nc3 0-1

[Event "Titled Tuesday intern op 04th Apr Late"]
[Site "Chess.com INT"]
[Date "2023.04.04"]
[Round "2"]
[White "Arun, Siddharth"]
[Black "Nazari, Arad"]
[Result "0-1"]
[WhiteElo "2055"]
[BlackElo "2367"]
[PlyCount "92"]
[EventDate "2023.04.04"]
[EventType "swiss (blitz)"]
[EventRounds "11"]
[EventCountry "USA"]
[SourceTitle "EXT 2024"]
[Source "ChessBase"]
[SourceDate "2023.10.10"]
[SourceVersion "1"]
[SourceVersionDate "2023.10.10"]
[SourceQuality "1"]

1. d4 Nf6 2. Nc3 d5 3. Bf4 g6 4. e3 Bg7 5. Nb5 Na6 6. h3 0-0 7. Nf3 c6 8. Nc3 Nc7 9. Be2 b5 10. a3 a5 11. 0-0 Ba6 12. a4 b4 13. Na2 Ne6 14. Be5 c5 15. dxc5 Nxc5 16. b3 Nfe4 17. Bxg7 Kxg7 18. Qd4+ f6 19. Bxa6 Rxa6 20. Ne1 e5 21. Qd1 Rd6 22. Nd3 d4 23. exd4 Rxd4 24. Nxc5 Nxc5 25. Qe2 Qd5 26. Qb5 Ne4 27. Qxd5 Rxd5 28. Rfd1 Rfd8 29. Rxd5 Rxd5 30. f3 Nc5 31. Rf1 f5 32. Nc1 Kf6 33. g3 e4 34. fxe4 Nxe4 35. Nd3 Nxg3 36. Re1 Ne4 37. Kg2 g5 38. Kf3 h6 39. h4 Rd8 40. hxg5+ hxg5 41. Rh1 Rc8 42. Rh6+ Kg7 43. Ra6 Rxc2 44. Rxa5 Nd2+ 45. Ke3 f4+ 46. Kd4 Nxb3+ 0-1

[Event "Continental op 51st"]
[Site "Sturbridge"]
[Date "2021.08.14"]
[Round "6"]
[White "Arun, Siddharth"]
[Black "Yanayt, Eugene"]
[Result "0-1"]
[WhiteElo "2055"]
[BlackElo "2099"]
[PlyCount "62"]
[EventDate "2021.08.12"]
[EventType "swiss"]
[EventRounds "9"]
[EventCountry "USA"]
[SourceTitle "CBM 203 Extra"]
[Source "ChessBase"]
[SourceDate "2021.09.30"]
[SourceVersion "1"]
[SourceVersionDate "2021.09.30"]
[SourceQuality "1"]

1. Nf3 Nf6 2. b3 g6 3. Bb2 Bg7 4. e3 c5 5. d4 cxd4 6. exd4 0-0 7. Nbd2 Nc6 8. a3 d5 9. Bb5 Bf5 10. Bxc6 bxc6 11. Ne5 Rc8 12. b4 Ne8 13. g4 Be6 14. h4 f6 15. Nd3 Bf7 16. f4 Nd6 17. Qf3 Nc4 18. Qg3 e5 19. Bc3 exf4 20. Qxf4 Re8+ 21. Kf2 g5 22. Qg3 Re3 23. Qh2 Qe7 24. Rhe1 Re8 25. Kg1 Bg6 26. Nf1 Re2 27. h5 Rxh2 28. Rxe7 Rxc2 29. Rxe8+ Bxe8 30. Rc1 Rxc1 31. Nxc1 Bd7 0-1

[Event "Titled Tuesday intern op 17th Nov"]
[Site "Chess.com INT"]
[Date "2020.11.17"]
[Round "2"]
[White "Xiong, Jeffery"]
[Black "Arun, Siddharth"]
[Result "1-0"]
[WhiteElo "2709"]
[BlackElo "2055"]
[PlyCount "31"]
[EventDate "2020.11.17"]
[EventType "swiss (blitz)"]
[EventRounds "11"]
[EventCountry "USA"]
[SourceTitle "CBM 199 Extra"]
[Source "ChessBase"]
[SourceDate "2021.01.31"]
[SourceVersion "1"]
[SourceVersionDate "2021.01.31"]
[SourceQuality "1"]

1. d4 Nf6 2. c4 e5 3. dxe5 Ng4 4. Nf3 Bc5 5. e3 Nc6 6. a3 a5 7. b3 0-0 8. Bb2 Re8 9. Be2 Ngxe5 10. 0-0 Ra6 11. Nbd2 Nxf3+ 12. Nxf3 Ne7 13. Qd2 Rh6 14. Qxa5 b6 15. Qc3 Nf5 16. Bd3 1-0

[Event "Speed Chess Super Swiss"]
[Site "Chess.com INT"]
[Date "2020.10.03"]
[Round "3"]
[White "Barrientos Chavarriaga, Sergio E"]
[Black "Arun, Siddharth"]
[Result "1-0"]
[WhiteElo "2457"]
[BlackElo "2055"]
[PlyCount "69"]
[EventDate "2020.10.03"]
[EventType "swiss (blitz)"]
[EventRounds "15"]
[EventCountry "USA"]
[SourceTitle "CBM 198 Extra"]
[Source "ChessBase"]
[SourceDate "2020.11.30"]
[SourceVersion "1"]
[SourceVersionDate "2020.11.30"]
[SourceQuality "1"]

1. e4 c6 2. d4 d5 3. exd5 cxd5 4. c4 Nf6 5. Nc3 Nc6 6. Nf3 Bg4 7. cxd5 Nxd5 8. Qb3 Bxf3 9. gxf3 e6 10. Be3 Rb8 11. Bc4 Nxe3 12. fxe3 Qh4+ 13. Ke2 Bd6 14. Ne4 Be7 15. Rag1 0-0 16. Rg4 Qh6 17. Rhg1 g6 18. Bxe6 Qxh2+ 19. R4g2 Qh5 20. Ng5 Bxg5 21. Rxg5 Qh6 22. Bd5 Ne7 23. Be4 Qh2+ 24. R5g2 Qd6 25. Qa3 Qxa3 26. bxa3 f5 27. Bd3 Kg7 28. Rb1 b6 29. e4 Nc6 30. d5 Ne5 31. Rc1 Rf7 32. Rg3 Re8 33. Bb5 fxe4 34. Bxe8 exf3+ 35. Kd2 1-0

[Event "Titled Tuesday intern op 21st July"]
[Site "Chess.com INT"]
[Date "2020.07.21"]
[Round "1"]
[White "Arun, Siddharth"]
[Black "Munkhzul, Turmunkh"]
[Result "0-1"]
[WhiteElo "2055"]
[BlackElo "2278"]
[PlyCount "78"]
[EventDate "2020.07.21"]
[EventType "swiss (blitz)"]
[EventRounds "10"]
[EventCountry "USA"]
[SourceTitle "CBM 197 Extra"]
[Source "ChessBase"]
[SourceDate "2020.09.30"]
[SourceVersion "1"]
[SourceVersionDate "2020.09.30"]
[SourceQuality "1"]

1. d4 Nf6 2. Bg5 d5 3. Bxf6 gxf6 4. e3 c5 5. Nf3 Nc6 6. dxc5 e6 7. c4 Bxc5 8. cxd5 Qxd5 9. Qxd5 exd5 10. Nc3 Be6 11. 0-0-0 0-0-0 12. Nd4 Nxd4 13. exd4 Bb6 14. Be2 Rhe8 15. Bf3 Kb8 16. Rhe1 Rg8 17. a3 Bg4 18. Re3 Bxf3 19. Rxf3 Rxg2 20. Rxf6 Rxh2 21. Rxf7 Rh4 22. f4 Bc7 23. Rf1 h5 24. Rf5 Bb6 25. Nxd5 Bxd4 26. Rd1 Bg7 27. Nf6 Rxd1+ 28. Kxd1 Rh1+ 29. Kc2 h4 30. Ne8 Rh2+ 31. Kd3 Bxb2 32. Rd5 a6 33. a4 h3 34. Rh5 Rh1 35. f5 h2 36. f6 Rd1+ 37. Ke2 h1Q 38. Rxh1 Rxh1 39. f7 Ba3 0-1

[Event "Titled Tuesday intern op 14th July"]
[Site "Chess.com INT"]
[Date "2020.07.14"]
[Round "2"]
[White "Soto Vega, Jorge"]
[Black "Arun, Siddharth"]
[Result "1/2-1/2"]
[WhiteElo "2363"]
[BlackElo "2055"]
[PlyCount "54"]
[EventDate "2020.07.14"]
[EventType "swiss (blitz)"]
[EventRounds "10"]
[EventCountry "USA"]
[SourceTitle "CBM 197 Extra"]
[Source "ChessBase"]
[SourceDate "2020.09.30"]
[SourceVersion "1"]
[SourceVersionDate "2020.09.30"]
[SourceQuality "1"]

1. e4 c6 2. d4 d5 3. f3 dxe4 4. fxe4 e5 5. Nf3 Bg4 6. Bc4 Nd7 7. 0-0 Ngf6 8. c3 b5 9. Bd3 Bd6 10. Be3 Qc7 11. h3 Bh5 12. Nbd2 0-0 13. Qc2 a6 14. Nh4 Bg6 15. Nf5 Bxf5 16. Rxf5 Rae8 17. Raf1 c5 18. d5 c4 19. Be2 Bc5 20. Bxc5 Qxc5+ 21. Kh1 Qe3 22. R5f2 Nc5 23. Bf3 Nd3 24. Re2 Qc5 25. b3 Nf4 26. Ree1 Nd3 27. Re2 Nf4 1/2-1/2

[Event "Titled Tuesday intern op 7th July"]
[Site "Chess.com INT"]
[Date "2020.07.07"]
[Round "3"]
[White "Orozbaev, Eldiar"]
[Black "Arun, Siddharth"]
[Result "1-0"]
[WhiteElo "1973"]
[BlackElo "2055"]
[PlyCount "119"]
[EventDate "2020.07.07"]
[EventType "swiss (blitz)"]
[EventRounds "10"]
[EventCountry "USA"]
[SourceTitle "CBM 197 Extra"]
[Source "ChessBase"]
[SourceDate "2020.09.30"]
[SourceVersion "1"]
[SourceVersionDate "2020.09.30"]
[SourceQuality "1"]

1. e4 c6 2. Nc3 d5 3. Nf3 dxe4 4. Nxe4 Nf6 5. Nxf6+ exf6 6. d4 Bg4 7. Bf4 Bd6 8. Qd2 Bxf4 9. Qxf4 Bxf3 10. gxf3 Qa5+ 11. c3 Nd7 12. Qe4+ Kf8 13. Be2 Re8 14. Qd3 c5 15. dxc5 Nxc5 16. Qd6+ Kg8 17. 0-0-0 Qxa2 18. Qxc5 Qa1+ 19. Kc2 Rxe2+ 20. Kd3 Qa6+ 21. c4 Re8 22. Kc3 h6 23. Rhe1 Rxe1 24. Rxe1 Kh7 25. Qf5+ g6 26. Qd7 Kg7 27. Re7 Rf8 28. Qxb7 Qa5+ 29. Qb4 Qf5 30. Re3 Rd8 31. Qe7 Rd1 32. Qxa7 Rc1+ 33. Kb4 Qc2 34. b3 Qd2+ 35. Kb5 Qxf2 36. Re7 Qxa7 37. Rxa7 Rc3 38. b4 Rxf3 39. c5 Rc3 40. c6 f5 41. c7 f4 42. Kb6 f3 43. b5 g5 44. Ra3 f2 45. Rxc3 f1Q 46. c8Q Qf2+ 47. Qc5 Qf6+ 48. Qc6 Qf2+ 49. Kb7 Qxh2 50. Rf3 Qe5 51. Rd3 Qe7+ 52. Rd7 Qe3 53. b6 g4 54. Qd5 Qf4 55. Ka8 g3 56. b7 Qa4+ 57. Kb8 Qf4+ 58. Kc8 g2 59. Qxg2+ Kf6 60. Qd5 1-0

[Event "Titled Tuesday intern op 30th June"]
[Site "Chess.com INT"]
[Date "2020.06.30"]
[Round "5"]
[White "Arun, Siddharth"]
[Black "Stojanovski, Sandi"]
[Result "0-1"]
[WhiteElo "2055"]
[BlackElo "2232"]
[PlyCount "112"]
[EventDate "2020.06.30"]
[EventType "swiss (blitz)"]
[EventRounds "10"]
[EventCountry "USA"]
[SourceTitle "CBM 197 Extra"]
[Source "ChessBase"]
[SourceDate "2020.09.30"]
[SourceVersion "1"]
[SourceVersionDate "2020.09.30"]
[SourceQuality "1"]

1. d4 d5 2. Nc3 Nf6 3. Bf4 c6 4. f3 g6 5. Qd2 h6 6. e4 Bg7 7. 0-0-0 g5 8. Be3 dxe4 9. fxe4 Ng4 10. Bc4 b5 11. Bb3 a5 12. a4 b4 13. Nce2 Qb6 14. h3 Nxe3 15. Qxe3 Be6 16. Bxe6 fxe6 17. Qb3 c5 18. dxc5 Qxc5 19. Qxe6 Qe5 20. Qxe5 Bxe5 21. Nf3 Nc6 22. Nxe5 Nxe5 23. Rd5 Nc4 24. g4 Rd8 25. Rxd8+ Kxd8 26. b3 Ne5 27. Rd1+ Kc7 28. Rd5 Nc6 29. Kd2 e6 30. Rd3 Rf8 31. Ke3 Ne5 32. Rd1 Rf3+ 33. Kd4 Nc6+ 34. Kc5 Re3 35. Rd6 Rxe2 36. Rxc6+ Kd7 37. Ra6 Rxc2+ 38. Kd4 Rc3 39. Rxa5 Rxb3 40. Ke5 Rxh3 41. Ra7+ Kc6 42. Kxe6 b3 43. Ra6+ Kc5 44. Ra5+ Kc4 45. Rb5 Rh2 46. Kf5 Ra2 47. Rb6 Rxa4 48. e5 Rb4 49. Rc6+ Kd3 50. Rd6+ Kc3 51. Rc6+ Rc4 52. Rb6 b2 53. Rxb2 Kxb2 54. e6 Rf4+ 55. Kg6 Rxg4 56. Kxh6 Re4 0-1

[Event "Titled Tuesday intern op 30th June"]
[Site "Chess.com INT"]
[Date "2020.06.30"]
[Round "6"]
[White "Miroshnichenko, Pavel"]
[Black "Arun, Siddharth"]
[Result "1-0"]
[WhiteElo "2239"]
[BlackElo "2055"]
[PlyCount "58"]
[EventDate "2020.06.30"]
[EventType "swiss (blitz)"]
[EventRounds "10"]
[EventCountry "USA"]
[SourceTitle "CBM 197 Extra"]
[Source "ChessBase"]
[SourceDate "2020.09.30"]
[SourceVersion "1"]
[SourceVersionDate "2020.09.30"]
[SourceQuality "1"]

1. e4 c6 2. d3 d5 3. Nf3 dxe4 4. dxe4 Qxd1+ 5. Kxd1 Bg4 6. Nbd2 Nd7 7. c3 e6 8. Kc2 Bc5 9. Nd4 e5 10. f3 exd4 11. fxg4 dxc3 12. bxc3 Ngf6 13. g5 Ng4 14. Nb3 Bb6 15. Be2 Ne3+ 16. Bxe3 Bxe3 17. h4 Ne5 18. Rad1 Ke7 19. Nd4 g6 20. Rh3 Bxd4 21. cxd4 Nd7 22. Rf3 Rhf8 23. Rdf1 f6 24. Bc4 c5 25. gxf6+ Rxf6 26. Rxf6 Nxf6 27. e5 Ng4 28. Rf7+ Ke8 29. Rxh7 cxd4 1-0

[Event "Titled Tuesday intern op 6th June"]
[Site "Chess.com INT"]
[Date "2020.06.02"]
[Round "3"]
[White "Arun, Siddharth"]
[Black "Djokic, Mihailo"]
[Result "0-1"]
[WhiteElo "2055"]
[BlackElo "2232"]
[PlyCount "54"]
[EventDate "2020.06.02"]
[EventType "swiss (blitz)"]
[EventRounds "10"]
[EventCountry "USA"]
[SourceTitle "CBM 196 Extra"]
[Source "ChessBase"]
[SourceDate "2020.07.31"]
[SourceVersion "1"]
[SourceVersionDate "2020.07.31"]
[SourceQuality "1"]

1. d4 Nf6 2. g3 g6 3. Bg2 Bg7 4. Nf3 d6 5. 0-0 0-0 6. b3 e5 7. dxe5 dxe5 8. Qxd8 Rxd8 9. Bb2 e4 10. Ng5 Bf5 11. Nc3 Nc6 12. Rab1 e3 13. fxe3 Bxc2 14. Rbc1 Bf5 15. e4 Bg4 16. Nb5 h6 17. Bxf6 Bxf6 18. Rxf6 hxg5 19. Nxc7 Rac8 20. Nd5 Kg7 21. Rf2 Nd4 22. Rxc8 Rxc8 23. Bf1 Rc1 24. Kg2 Nc2 25. h3 Be6 26. Kf3 f5 27. Ne3 Ne1# 0-1

[Event "Titled Tuesday intern op 19th May"]
[Site "Chess.com INT"]
[Date "2020.05.19"]
[Round "2"]
[White "Arun, Siddharth"]
[Black "Kakabayaev, Mergen"]
[Result "0-1"]
[WhiteElo "2055"]
[BlackElo "2285"]
[PlyCount "62"]
[EventDate "2020.05.19"]
[EventType "swiss (blitz)"]
[EventRounds "10"]
[EventCountry "USA"]
[SourceTitle "EXT 2021"]
[Source "ChessBase"]
[SourceDate "2020.10.23"]
[SourceVersion "1"]
[SourceVersionDate "2020.10.23"]
[SourceQuality "1"]

1. d4 d5 2. Nc3 Nf6 3. Bf4 Bf5 4. e3 e6 5. Bd3 Bxd3 6. Qxd3 c6 7. Nf3 Bd6 8. Ne5 Bxe5 9. dxe5 Nfd7 10. e4 0-0 11. Qg3 Re8 12. Bh6 g6 13. h4 d4 14. Ne2 c5 15. h5 Nc6 16. hxg6 fxg6 17. Bg5 Qa5+ 18. Kf1 Ndxe5 19. Bf6 Qc7 20. f4 Rf8 21. Qg5 Ng4 22. Qxg4 Rxf6 23. g3 Ne5 24. Qg5 Raf8 25. Kg2 Nc4 26. Rh6 Ne3+ 27. Kf3 Nxc2 28. Rah1 d3 29. Nc3 R6f7 30. Rd1 c4 31. Nb5 Qb6 0-1

[Event "Titled Tuesday intern op 19th May"]
[Site "Chess.com INT"]
[Date "2020.05.19"]
[Round "3"]
[White "Hasanagic, Anel"]
[Black "Arun, Siddharth"]
[Result "1-0"]
[WhiteElo "2070"]
[BlackElo "2055"]
[PlyCount "69"]
[EventDate "2020.05.19"]
[EventType "swiss (blitz)"]
[EventRounds "10"]
[EventCountry "USA"]
[SourceTitle "EXT 2021"]
[Source "ChessBase"]
[SourceDate "2020.10.23"]
[SourceVersion "1"]
[SourceVersionDate "2020.10.23"]
[SourceQuality "1"]

1. e4 c6 2. Nc3 d5 3. d3 dxe4 4. dxe4 Qxd1+ 5. Nxd1 Nf6 6. f3 e5 7. Bc4 Bc5 8. Be3 Bxe3 9. Nxe3 b5 10. Bb3 Nbd7 11. Ne2 Nc5 12. Nc1 Be6 13. Bxe6 Nxe6 14. Nd3 Nd7 15. c3 g6 16. 0-0-0 Ke7 17. Rd2 Rhd8 18. Rhd1 f6 19. Kc2 Nb6 20. b3 c5 21. Ne1 Rxd2+ 22. Rxd2 Rd8 23. Nd5+ Nxd5 24. exd5 Nc7 25. c4 Kd6 26. Nd3 bxc4 27. bxc4 Rb8 28. a3 Na8 29. Nf2 Nb6 30. Ne4+ Ke7 31. d6+ Kd8 32. Nxc5 Nxc4 33. Rd3 Nxa3+ 34. Rxa3 Rc8 35. Ra5 1-0

[Event "Titled Tuesday intern op 7th April"]
[Site "Chess.com INT"]
[Date "2020.04.07"]
[Round "2"]
[White "Baskin, Robert"]
[Black "Arun, Siddharth"]
[Result "1-0"]
[WhiteElo "2390"]
[BlackElo "2055"]
[PlyCount "119"]
[EventDate "2020.04.07"]
[EventType "swiss (blitz)"]
[EventRounds "10"]
[EventCountry "USA"]
[SourceTitle "EXT 2021"]
[Source "ChessBase"]
[SourceDate "2020.10.23"]
[SourceVersion "1"]
[SourceVersionDate "2020.10.23"]
[SourceQuality "1"]

1. e4 c6 2. d4 d5 3. e5 Bf5 4. Nf3 e6 5. Be2 c5 6. Be3 cxd4 7. Nxd4 Ne7 8. 0-0 Nbc6 9. Bb5 a6 10. Bxc6+ bxc6 11. c4 c5 12. Qa4+ Qd7 13. Qxd7+ Kxd7 14. Nb3 Nc6 15. cxd5 exd5 16. Bxc5 Nxe5 17. Nc3 Bxc5 18. Nxc5+ Kc6 19. Nb3 Be6 20. f4 Nd3 21. f5 Bd7 22. Rad1 Nxb2 23. Rxd5 Na4 24. Nd4+ Kc7 25. Rxd7+ Kxd7 26. Nxa4 Rab8 27. Rd1 Rhc8 28. Nb3+ Ke7 29. Nac5 a5 30. Rd7+ Ke8 31. Ra7 Rb5 32. Ne4 Rd5 33. f6 g6 34. Rxa5 Rxa5 35. Nxa5 Ra8 36. Nd6+ Kf8 37. Ndc4 Ke8 38. Kf2 Ra6 39. Ke3 Rxf6 40. a4 Kd7 41. Nb3 Kc6 42. Kd4 Rf4+ 43. Kc3 Rf2 44. Kb4 Rxg2 45. Nd4+ Kd7 46. a5 Ra2 47. Na3 Kc7 48. Ndb5+ Kc6 49. h4 Rb2+ 50. Kc4 f5 51. a6 Kb6 52. a7 Kb7 53. Kc5 Ra2 54. Nc4 f4 55. Ncd6+ Ka8 56. Kb6 Rxa7 57. Nxa7 f3 58. Nc6 h6 59. Ne8 g5 60. Nc7# 1-0

[Event "Titled Tuesday intern op 5th Nov"]
[Site "Chess.com INT"]
[Date "2019.11.05"]
[Round "4"]
[White "Sorokobjagin, Sergey"]
[Black "Arun, Siddharth"]
[Result "1-0"]
[WhiteElo "2253"]
[BlackElo "2055"]
[PlyCount "73"]
[EventDate "2019.11.05"]
[EventType "swiss (blitz)"]
[EventRounds "10"]
[EventCountry "USA"]
[SourceTitle "EXT 2021"]
[Source "ChessBase"]
[SourceDate "2020.10.23"]
[SourceVersion "1"]
[SourceVersionDate "2020.10.23"]
[SourceQuality "1"]

1. d4 Nf6 2. Nf3 c5 3. c3 e6 4. Bf4 d5 5. e3 Qb6 6. Qb3 c4 7. Qc2 Nc6 8. Nbd2 Qa5 9. b4 cxb3 10. Nxb3 Qd8 11. Be2 Bd6 12. Bg3 Bxg3 13. hxg3 Ne4 14. 0-0 h5 15. c4 Ng5 16. cxd5 exd5 17. Rfe1 Nxf3+ 18. Bxf3 h4 19. e4 0-0 20. exd5 Ne7 21. gxh4 Nxd5 22. g3 a5 23. Nc5 Nb4 24. Qd2 Rb8 25. a3 Nd5 26. Re5 Nf6 27. Rae1 b6 28. Ne4 Nxe4 29. Bxe4 Qd6 30. Qf4 Bb7 31. Bh7+ Kh8 32. Bb1 Rfd8 33. Re8+ Rxe8 34. Rxe8+ Rxe8 35. Qc1 Re1+ 36. Qxe1 Qd5 37. Qe8# 1-0

[Event "Continental op 49th"]
[Site "Sturbridge"]
[Date "2019.08.18"]
[Round "8"]
[White "Rajesh, CS."]
[Black "Arun, Siddharth"]
[Result "1-0"]
[WhiteElo "2145"]
[BlackElo "2045"]
[PlyCount "55"]
[EventDate "2019.08.14"]
[EventType "swiss"]
[EventRounds "9"]
[EventCountry "USA"]
[SourceTitle "CBM 191 Extra"]
[Source "ChessBase"]
[SourceDate "2019.09.30"]
[SourceVersion "1"]
[SourceVersionDate "2019.09.30"]
[SourceQuality "1"]

1. c4 e5 2. Nc3 Nf6 3. g3 d5 4. cxd5 Nxd5 5. Bg2 Nb6 6. Nf3 Nc6 7. d3 Be7 8. a3 a5 9. Be3 Nd5 10. Nxd5 Qxd5 11. 0-0 Qb5 12. Qc2 a4 13. Bd2 Be6 14. Bc3 Rd8 15. Nd2 0-0 16. Rfb1 Bc5 17. b4 Bd4 18. Bf1 f5 19. e3 Bxc3 20. Qxc3 Qb6 21. b5 Na7 22. Qxe5 Rd5 23. Qf4 Qa5 24. Nc4 Qc3 25. d4 Rxb5 26. Rc1 Qb3 27. Qxc7 Kh8 28. Qe7 1-0

[Event "Continental op 49th"]
[Site "Sturbridge"]
[Date "2019.08.15"]
[Round "2"]
[White "Arun, Siddharth"]
[Black "Cordova, Emilio"]
[Result "1/2-1/2"]
[WhiteElo "2045"]
[BlackElo "2599"]
[PlyCount "83"]
[EventDate "2019.08.14"]
[EventType "swiss"]
[EventRounds "9"]
[EventCountry "USA"]
[SourceTitle "CBM 191 Extra"]
[Source "ChessBase"]
[SourceDate "2019.09.30"]
[SourceVersion "1"]
[SourceVersionDate "2019.09.30"]
[SourceQuality "1"]

1. d4 Nf6 2. Nc3 d5 3. Bf4 Bf5 4. e3 e6 5. a3 Be7 6. Bd3 Bg6 7. Nf3 0-0 8. Qe2 Nbd7 9. e4 dxe4 10. Nxe4 c5 11. Nxc5 Nxc5 12. dxc5 Bxd3 13. Qxd3 Qxd3 14. cxd3 Bxc5 15. Ke2 Nd5 16. Be3 Bd6 17. Rac1 a5 18. g3 Rfd8 19. Rc2 h6 20. Nd4 a4 21. Rb1 Be5 22. Nb5 Ra5 23. Nc3 Bf6 24. Ne4 Be7 25. Bc5 f5 26. Bxe7 Nxe7 27. Rc5 Ra6 28. Nc3 Nc6 29. Rc4 Nd4+ 30. Ke3 Rad6 31. Rxa4 b5 32. Ra5 e5 33. Ra7 b4 34. axb4 Nc2+ 35. Ke2 Nxb4 36. Ra5 Nxd3 37. Rd1 g6 38. Rd5 e4 39. Rxd6 Rxd6 40. f3 exf3+ 41. Kxf3 Ne5+ 42. Kf4 1/2-1/2

[Event "Titled Tuesday intern op 2nd May"]
[Site "Chess.com INT"]
[Date "2017.05.02"]
[Round "2"]
[White "Arun, Siddharth"]
[Black "Vrolijk, Liam"]
[Result "0-1"]
[WhiteElo "2045"]
[BlackElo "2419"]
[PlyCount "42"]
[EventDate "2017.05.02"]
[EventType "swiss (blitz)"]
[EventRounds "10"]
[EventCountry "USA"]
[SourceTitle "EXT 2021"]
[Source "ChessBase"]
[SourceDate "2020.10.23"]
[SourceVersion "1"]
[SourceVersionDate "2020.10.23"]
[SourceQuality "1"]

1. e4 e5 2. f4 exf4 3. Nf3 Ne7 4. d4 d5 5. e5 Ng6 6. Bd3 Nc6 7. c3 Bg4 8. 0-0 Qd7 9. b4 Nh4 10. Be2 Nxf3+ 11. Bxf3 Bxf3 12. Qxf3 g5 13. Qh5 h6 14. h4 0-0-0 15. hxg5 Bg7 16. g6 fxg6 17. Qxg6 Rhg8 18. Qd3 f3 19. Rxf3 Bxe5 20. Bf4 Qg4 21. g3 Bxf4 0-1

[Event "Titled Tuesday intern op 2nd May"]
[Site "Chess.com INT"]
[Date "2017.05.02"]
[Round "4"]
[White "Ollier, Pablo"]
[Black "Arun, Siddharth"]
[Result "1-0"]
[WhiteElo "2365"]
[BlackElo "2045"]
[PlyCount "129"]
[EventDate "2017.05.02"]
[EventType "swiss (blitz)"]
[EventRounds "10"]
[EventCountry "USA"]
[SourceTitle "EXT 2021"]
[Source "ChessBase"]
[SourceDate "2020.10.23"]
[SourceVersion "1"]
[SourceVersionDate "2020.10.23"]
[SourceQuality "1"]

1. d4 Nf6 2. c4 c5 3. d5 e6 4. Nc3 exd5 5. cxd5 d6 6. g3 g6 7. Bg2 Bg7 8. Nf3 0-0 9. 0-0 Na6 10. Bf4 Nc7 11. e4 Nh5 12. Bg5 Qd7 13. a4 f5 14. e5 dxe5 15. d6 Ne6 16. Be7 Nd4 17. Bxf8 Kxf8 18. Nb5 a6 19. Nbxd4 cxd4 20. Qb3 Qxd6 21. Ng5 Qe7 22. Nxh7+ Ke8 23. Rac1 Be6 24. Bd5 Bxd5 25. Qxd5 Rd8 26. Qb3 e4 27. Rfe1 d3 28. Rcd1 Rd7 29. Qg8+ Bf8 30. Qxg6+ Qf7 31. Qxf7+ Kxf7 32. Ng5+ Kg6 33. h4 Bb4 34. Rf1 Bc5 35. Kg2 f4 36. Nxe4 Bb6 37. g4 Nf6 38. h5+ Kg7 39. Nxf6 Kxf6 40. Rfe1 Ba5 41. Re4 Bc7 42. Rc4 d2 43. Rc2 Ba5 44. Rc4 Bc7 45. Kf3 Rd3+ 46. Kg2 Rd7 47. h6 Kg6 48. Rc2 Ba5 49. Rc5 Bb6 50. Rc4 Kxh6 51. Rxf4 Kg5 52. Re4 Ba5 53. b4 Bc7 54. Re2 Bf4 55. f3 Rd4 56. Re4 Rxe4 57. fxe4 Kxg4 58. Kf2 b5 59. axb5 axb5 60. Ke2 Bd6 61. Rxd2 Bxb4 62. Rb2 Bc3 63. Rxb5 Kf4 64. Kd3 Be5 65. Rb7 1-0